000 00923nam a2200241 i 4500
001 30639
003 ES-MaACL
005 20251011063056.0
007 t|
008 030127s1970 sp ||||1| spa d
100 1 _aBeltrán, Antonio,
_d1916-2006
_927333
245 1 3 _aLa cueva del Charco del Agua Amarga y sus pinturas levantinas /
_cAntonio Beltrán Martínez.
260 _aZaragoza :
_bInstitución Fernando el Católico,
_c1970.
300 _a117 p., 16 lám. :
_bil. ;
_c23 cm.
490 1 _aMonografías arqueológicas ;
_v7
490 1 _aAnejo de Caesaraugusta ;
_v7
650 4 _aPintura rupestre-
_zVal del Charco del Agua Amarga (Teruel, Yacimiento)
_9168527
710 2 _aInstitución "Fernando el Católico"
_94721
830 0 0 _aMonografías arqueológicas
_v7
_9181361
830 0 _aAnejo de Caesaraugusta ;
_v7
_9229345
852 _aES-MaACL
_jC-38109
_bR.77016
999 _c30639
_d30639